Instituciones y desarrollo (Registro nro. 8699)

Detalles MARC
000 -LEADER
fixed length control field 00907nas a2200241 454500
001 - CONTROL NUMBER
control field 30868
005 - DATE AND TIME OF LATEST TRANSACTION
control field 20260407193508.0
008 - FIXED-LENGTH DATA ELEMENTS--GENERAL INFORMATION
fixed length control field 260407s1998####ag###########|||spa#d
003 - CONTROL NUMBER IDENTIFIER
control field AR-UNSa-BCEJYS
040 ## - CATALOGING SOURCE
Original cataloging agency AR-UNSa-BCEJYS
Language of cataloging spa
Transcribing agency AR-UNSa-BCEJYS
080 ## - UNIVERSAL DECIMAL CLASSIFICATION NUMBER
Universal Decimal Classification number 316.42
Common auxiliary subdivision Cambio social en sociedades globales. Desarrollo social. Sociología del desarrollo (Desarrollo Humano)
041 ## - LANGUAGE CODE
Language code of text/sound track or separate title spa
100 1# - MAIN ENTRY--PERSONAL NAME
Personal name Programa de las Naciones Unidas para el Desarrollo (PNUD)
245 10 - TITLE STATEMENT
Title Instituciones y desarrollo
264 #1 - PRODUCTION, PUBLICATION, DISTRIBUTION, MANUFACTURE, AND COPYRIGHT NOTICE
Place of production, publication, distribution, manufacture Barcelona :
Name of producer, publisher, distributor, manufacturer Instituto Internacional de Gobernabilidad
Date of production, publication, distribution, manufacture, or copyright notice 1998
310 ## - CURRENT PUBLICATION FREQUENCY
Current publication frequency Frecuencia: Irregular
590 ## - LOCAL NOTE (RLIN)
Local note niveau_biblio:s niveau_hierar:1
650 ## - SUBJECT ADDED ENTRY--TOPICAL TERM
Topical term or geographic name entry element Desarrollo humano
650 ## - SUBJECT ADDED ENTRY--TOPICAL TERM
Topical term or geographic name entry element Gobernabilidad
700 1# - ADDED ENTRY--PERSONAL NAME
Personal name Yañez, César
856 41 - ELECTRONIC LOCATION AND ACCESS
Uniform Resource Identifier <a href="https://biblioeco.unsa.edu.ar/pmb/images/revistas/Instituciones y desarrollo-r14877.jpg">https://biblioeco.unsa.edu.ar/pmb/images/revistas/Instituciones y desarrollo-r14877.jpg</a>
Link text Imagen de portada
Electronic format type image/jpeg
942 ## - ADDED ENTRY ELEMENTS (KOHA)
Koha item type
Existencias
Withdrawn status Lost status Damaged status Not for loan Home library Current library Shelving location Date acquired Serial enumeration / chronology Total checkouts Full call number Barcode Date last seen Price effective from Koha item type
        Biblioteca Prof. Eusebio Cleto del Rey Biblioteca Prof. Eusebio Cleto del Rey   01/04/1999 Nº 3 - abr. 1999   H316.42 INS 3 R14879 10/04/2026 10/04/2026 Numero
        Biblioteca Prof. Eusebio Cleto del Rey Biblioteca Prof. Eusebio Cleto del Rey   01/12/1998 Nº 2 - dic. 1998   H316.42 INS 2 R14878 10/04/2026 10/04/2026 Numero
        Biblioteca Prof. Eusebio Cleto del Rey Biblioteca Prof. Eusebio Cleto del Rey   01/10/1998 Nº 1 - oct. 1998   H316.42 INS 1 R14877 10/04/2026 10/04/2026 Numero